000
00288nam a2200121Ia 4500
100
_a
Williams Robert
942
_c
BK
654
_a
Complete Ref guide
245
_a
Running 1-2-3- : Complete Ref Guide
260
_b
Galgotia Pub
_a
New Delhi
_c
1988
546
_a
ENGLISH
999
_c
19281
_d
19281